000 00528nam a2200169 i 4500
001 78252
003 ES-MaACL
005 20230906173627.0
007 t|
008 041013s1931 sp ||||1| spa d
100 1 _aHaensel, Paul.
_961427
245 1 3 _aLa política económica de la Rusia soviética /
_cPaul Haensel ; traducción por José Pérez Bances.
260 _aMadrid :
_b[s.n.],
_c1931 (
_fImp. Galo Sèz)
300 _a283 p. ;
_c19 cm.
700 1 _aPérez Bances, José Ramón.
_990655
852 _aES-MaACL
_jD-6171
999 _c78252
_d78252